000 005320000a22001810004500
003 MACL
005 20160407165858.0
008 160407b xxu||||| |||| 00| 0 eng d
040 _aMACL
_cMACL
041 _aHindi
082 _a530
100 _aमोहन रघुराज
_951139
245 _aपरमाणु शक्ति भारत
260 _bदिल्‍ली पुस्‍तक सदन
_c2001
_aनई दिल्‍ली
350 _a130
650 _aPhysics
_951140
942 _cHIN
_k530
_2ddc
999 _c9555
_d9555